000 00568 a2200169 4500
001 189432
020 _a1678-586X
040 _cMagnum
100 _aMinistério das Relações Exteriores
240 1 0 _aCadernos do chdd - centro de história e documentação diplomática
_lpor
245 1 0 _aCadernos do chdd - centro de história e documentação diplomática
300 _a512
362 0 _a2009
440 1 _aFundação Alexandre de Gusmão
697 _aRELALÇÕES INTERNACIONAIS, POLÍTICA MUNDIAL. POLÍTICA INTERNACIONAL. POLÍTICA EXTERNA
942 _cBK
999 _c189432
_d189432